Quizzes
Events
Quiz Creation
Community
Videos
Private Events
Remove Ads
Sign In
Join for FREE
Feedback
Dark Mode
Quiz Categories
Sports
Geography
Music
Movies
Television
Just For Fun
Miscellaneous
History
Literature
Language
Science
Gaming
Entertainment
Religion
Holiday
For Kids
Quiz Lab
Recent
Popular Today
Quiz Kudos Today
Editor Picks
Curator Picks
Quizzes by...
Day
Popularity
Type
Ratings
Length
Year
Community
Subscriptions
Recent Discussions
Orange Saloon
Badges
Playlists
Quests
Create
Leaderboards
Showdown
Live 5
Trivia Bingo
Activity
Puzzle Library
Sporcle Events
Private Events
Virtual Trivia
Globe League
Become a Host
Pub Owners
SporcleCon
Opinionation
Our Games
Videos
Blog
Mobile Apps
Partnerships
Remove Ads and Go Orange
Feedback
History
US Presidents
World Leaders
Politics
Nation
Discovery
War
Decade
Year
Century
Biography
Art
History
US Presidents
World Leaders
Politics
Nation
Discovery
War
Decade
Year
Century
Biography
Art
Random Quiz
Search Sporcle
×
Quiz Lab
Quiz Lab
History
future
Type in answers that appear in a list
Type in answers that appear in a list
Classic
Best Score? Go Orange.
Presidential electoral defeats Stats
Can you name the people who have defeated a future/sitting President in a run for public office?
By
Jordanhaedtler
13m
20 Questions
78 Plays
78 Plays
78 Plays
Comments
Comments
Give Quiz Kudos
Give Quiz Kudos
-
- Ratings
hide this ad
Replay
Link that replays current quiz
Next Quiz
Link to next quiz in quiz playlist
You Got
0%
They Got
Avg Score
51%
Avg Friend Score
Upgrade to see
Score Distribution
Jump to the score distribution portion of the page
Score
0/20
Timer
13:00
0
Plays Today
President
Person
% Correct
George H.W. Bush
Ronald Reagan
93.6%
Jimmy Carter
Ronald Reagan
93.6%
George H.W. Bush
Bill Clinton
89.7%
Gerald Ford
JImmy Carter
89.7%
Richard Nixon
John F. Kennedy
89.7%
Lyndon B. Johnson
John F. Kennedy
89.7%
Herbert Hoover
Franklin Roosevelt
87.2%
Ronald Reagan
Gerald Ford
84.6%
Ronald Reagan
Richard Nixon
79.5%
Franklin D. Roosevelt
Calvin Coolidge
66.7%
President
Person
% Correct
Richard Nixon
Pat Brown
44.9%
George H.W. Bush
Lloyd Bentsen
33.3%
Barack Obama
Bobby Rush
24.4%
Jimmy Carter
Lester Maddox
19.2%
Bill Clinton
Frank White
12.8%
George H.W. Bush
Ralph Yarborough
12.8%
George W. Bush
Kent Hance
5.1%
Bill Clinton
John Paul Hammerschmidt
3.8%
Lyndon B. Johnson
W. Lee O'Daniel
3.8%
Franklin D. Roosevelt
Jack Gerard
1.3%
Quiz Playlist
Details
Report
Send in Message
Add To Playlist
Classic:
Type in answers that appear in a list
Last Updated: Feb 16, 2017
Quiz Scoreboard
CHALLENGE
Sign Up to Join the Scoreboard
Show All
Scores
Hide
Comments
May contain spoilers
Recently Published
NBA Finals Game Top Scorers (2010s)
by flibbidy
Sports
5m
Guess the 'R' Things in 3 Words
by MSUKent
Miscellaneous
3m
Actor to Badly Drawn Movie III
by MoMosMoProblems
Movies
5m
More to Explore
Quiz From the Vault
Featured Blog Post
Where Does Lost Luggage Go?
hide this ad
You Might Also Like...
Tags
defeat
Defeated
election
electoral
future
office
Person
public
run
Sitting
Today's Top Quizzes in History
Browse History
hide this ad
Today's Top Quizzes in future
Browse future
Top Contributed Quizzes in History
1
Nickname Match: US Presidents
2
I Am Born On March 18th
3
Nickname Match: World Leaders II
4
Nickname Match: US Presidents II
5
Famous People on Time Magazine Covers III (Slideshow)
6
10 to 1: Generals by War
7
27 Amendments
8
Order the British Succession
9
New Deal Alphabet Soup
10
Constitutional Quiz
Explore More
Trending Topics
Kpop
Crossword
Harry Potter
NBA
Marvel
Anime
Disney
Song
Soccer
Pokémon
Country
WWE
NFL
The Office
Puzzle
hide this ad
More By:
Jordanhaedtler
Quiz
Plays
Rating
Category
Featured
Created
Onlys
1,910
3.29
Miscellaneous
Nov 9, 2009
Ninesomes
1,854
3.21
Miscellaneous
Nov 25, 2009
Constitutional Amendments
1,485
1.44
History
Sep 23, 2009
Barbershop quartet champions
1,085
3.67
Music
Sep 23, 2009
Governors of California
321
2.50
History
Nov 20, 2009
Go to Creator's Profile
Score Distribution
Quiz Creator Spotlight
Jordanhaedtler
Follow
Send a Message
Quizzes Created
-
Created Quiz Play Count
-
More By This Creator
Popular Quizzes Today
1
Find the US States - No Outlines Minefield
2
Find the US States
3
The Countries of the World
4
10 Largest US States in Order
5
Find the Countries of Europe - No Outlines Minefield
6
US States
7
Guess the 'R' Things in 3 Words
8
NBA Finals Game Top Scorers (2010s)
More History Quizzes
Finish the Famous 'Last Words'
Published
Trending Quizzes
First Name TV: Leading Men
First Name TV: Leading Women Drama
Match the Book to the Film II
Pick A Pair: Religious TV
Match the Book to the Film VI
Recently Updated
Women's Final Four Teams by Year
bhenderson79
Presidents Quartet II
eogle
Anything But Clue(do)
eogle
Anything But Oceanian Capitals
eogle
Anything But 7
eogle
Anything But Thing
eogle
Word Ladder: February 29
pecheneg
Song Title Questions
pecheneg
Women's NCAA Tournament #1 Seeds
pecheneg
Celebrity Mug Shots
pecheneg
Trending Topics
Disney
NBA
Marvel
Anime
Kpop
Crossword
Harry Potter
Soccer
Puzzle
NFL
WWE
Song
The Office
Pokémon
Country
Your Account Isn't Verified!
In order to create a playlist on Sporcle, you need to verify the email address you used during registration. Go to your
Sporcle Settings
to finish the process.
Report this User
Report this user for behavior that violates our
Community Guidelines
.
Details:
Send Report
Go to the Sporcle.com Mobile Site →
Comments